Eniten riisiä tuottavat valtiot - Statistics

Yleistilastot
  • Tätä visaa on pelattu 763 kertaa
  • Keskiarvotulos 11 / 14
Vastaustilastot
Tuotanto Valtio % Oikein
214 milj. Kiina
100%
195 milj. Intia
97%
10,5 milj. Japani
91%
33,6 milj. Thaimaa
90%
43,9 milj. Vietnam
88%
54,4 milj. Indonesia
87%
14,0 milj. Pakistan
78%
56,9 milj. Bangladesh
75%
24,9 milj. Myanmar
72%
20,0 milj. Filippiinit
69%
8,70 milj. Yhdysvallat
68%
11,4 milj. Kambodža
63%
11,7 milj. Brasilia
62%
8,34 milj. Nigeria
21%
Ehtoja vastaavia visoja ei löytynyt
Tulosjakauma
Jokaisen tuloksen saaneiden osuus
Persentiili vastausten määrän mukaan
Tuloshistoriasi
Et ole pelannut tätä visaa